Na ceste do Európskej únie
Zamyslenie o úpravách týkajúcich sa sprostredkovania poistenia v ČR a SR. Názor zo zahraničia. Poistenie zákonnej zodpovednosti na ochranu spotrebiteľa. Pripravované zákony v ČR a SR.
Enregistré dans:
| Auteur principal: | |
|---|---|
| Autres auteurs: | |
| Format: | Chapitre de livre |
| Langue: | slovaque |
| Sujets: | |
| Tags: |
Pas de tags, Soyez le premier à ajouter un tag!
|
MARC
| LEADER | 00000naa$a2200000$$$4500 | ||
|---|---|---|---|
| 001 | 0026411 | ||
| 005 | 20230918115510.0 | ||
| 041 | 0 | |a slo | |
| 044 | |a SK | ||
| 245 | 1 | 0 | |a Na ceste do Európskej únie |c Rupert Nebauer, Viera Švábová |
| 520 | |a Zamyslenie o úpravách týkajúcich sa sprostredkovania poistenia v ČR a SR. Názor zo zahraničia. Poistenie zákonnej zodpovednosti na ochranu spotrebiteľa. Pripravované zákony v ČR a SR. | ||
| 610 | 2 | 0 | |a ochrana spotrebiteľa |
| 610 | 2 | 0 | |a poistenie zodpovednosti za škody |
| 610 | 2 | 0 | |a sprostredkovatelia |
| 610 | 2 | 0 | |a poistenie |
| 610 | 2 | 0 | |a Slovensko |
| 610 | 2 | 0 | |a Česko |
| 100 | 1 | |a Nebauer, Rupert | |
| 700 | 1 | |a Švábová, Viera | |